000 00503cam a2200193 4500
001 D9012
008 090401t1984 xxu||||| |||| 00| 0 eng d
035 _a(Sirsi) u16895
041 _aeng
050 _a690.2
100 _aStaveley, H.S.
245 _aMeasured dimensional surveys
260 _aAscot, Berks
_bChartered Institute of Building
_c1984
300 _a13p. ill. 30cm
350 _a0
490 _aCIOB Technical Information Service
_pSurveying
_v44
942 _n0
948 _c04/03/1997
999 _c87457
_d87457